<?xml version="1.0" encoding="UTF-8"?><?xml-stylesheet type="text/xsl" href="static/style.xsl"?><OAI-PMH xmlns="http://www.openarchives.org/OAI/2.0/" xmlns:xsi="http://www.w3.org/2001/XMLSchema-instance" xsi:schemaLocation="http://www.openarchives.org/OAI/2.0/ http://www.openarchives.org/OAI/2.0/OAI-PMH.xsd"><responseDate>2026-04-13T01:59:33Z</responseDate><request verb="GetRecord" identifier="oai:www.recercat.cat:10256/18449" metadataPrefix="marc">https://recercat.cat/oai/request</request><GetRecord><record><header><identifier>oai:recercat.cat:10256/18449</identifier><datestamp>2024-05-22T11:25:09Z</datestamp><setSpec>com_2072_452966</setSpec><setSpec>com_2072_2054</setSpec><setSpec>col_2072_452968</setSpec></header><metadata><record xmlns="http://www.loc.gov/MARC21/slim" xmlns:dcterms="http://purl.org/dc/terms/" xmlns:xsi="http://www.w3.org/2001/XMLSchema-instance" xmlns:doc="http://www.lyncode.com/xoai" xsi:schemaLocation="http://www.loc.gov/MARC21/slim http://www.loc.gov/standards/marcxml/schema/MARC21slim.xsd">
   <leader>00925njm 22002777a 4500</leader>
   <datafield ind2=" " ind1=" " tag="042">
      <subfield code="a">dc</subfield>
   </datafield>
   <datafield ind2=" " ind1=" " tag="720">
      <subfield code="a">Alcaide Barriga, Paula</subfield>
      <subfield code="e">author</subfield>
   </datafield>
   <datafield ind2=" " ind1=" " tag="260">
      <subfield code="c">2020-01</subfield>
   </datafield>
   <datafield ind2=" " ind1=" " tag="520">
      <subfield code="a">BACKGROUND&#xd;
Major Depressive Disorder (MDD) is a common severe disorder which consists of symptoms&#xd;
conditioning important disability and causes difficulties in the functioning areas such as social&#xd;
life or occupation. MDD has a very high prevalence being the most frequent mental disorder in&#xd;
Spain, and its prevalence is of 6,7%. It is as twice as prevalent in women as in men being 9,2%&#xd;
against 4%. This disorder has a multifactorial aetiology being genetic factors, stressful life events&#xd;
and socioeconomic factors the most relevant. There are some biological, social and&#xd;
psychological factors that may explain the difference in the prevalence between men and&#xd;
women. Those are hormonal factors, exposition to sexual abuse, being exposed to caretaker&#xd;
responsibilities and emotion-focused roles. To diagnose a patient of MDD the DSM-5 criteria&#xd;
are used. These criteria include all the symptomatology related to this disorder. Apart from the&#xd;
diagnostic criteria, there are some scales to assess the severity of the MDD episode. The most&#xd;
used is the Hamilton Depression Rating Scale (HDRS). There are three main strategies that have&#xd;
proven to be effective to treat an MDD episode: antidepressant drugs, psychotherapy and&#xd;
electroconvulsive therapy. Venlafaxine is a dual antidepressant drug; it is a 5-HT and&#xd;
&#xd;
Noradrenaline reuptake inhibitor. It is metabolised in the liver to its active metabolite O-&#xd;
desmethylvenlafaxine, and to a less active metabolite N-desmethylvenlafaxine by the enzyme&#xd;
&#xd;
CYP3A4. This enzyme has a higher expression in women than in men.&#xd;
OBJECTIVE&#xd;
The main objective of this study is to assess if the patient’s sex influences the clinical&#xd;
improvement of depression in patients treated with Venlafaxine, and therefore if there is a&#xd;
relationship between the patient's sex and the clinical improvement.&#xd;
DESIGN&#xd;
The study is designed as a multicentre prospective observational cohort study that will be&#xd;
carried out in all the Adult Mental Health Centres (AMHC) of Girona province, in total seven&#xd;
centres will participate in this study.&#xd;
PARTICIPANTS&#xd;
In this study will participate all MDD patients of Girona province treated with Venlafaxine&#xd;
225mg and aged between 30-50 years at the beginning of the study. This population will be&#xd;
divided into two groups: men and women. The two groups will be as equal as possible.&#xd;
METHODS&#xd;
Information will be recorded directly from the patient. To assess the clinical improvement a&#xd;
psychiatrist will perform the HDRS and will give punctuation to patients at the beginning of the&#xd;
study and every three months until they reach their first year of follow-up. After answering the&#xd;
HDRS, patients will be transferred to the nursery where a blood draw will be done to measure&#xd;
the blood levels of N-desmethylvenlafaxine. All these data will be analysed posteriorly</subfield>
   </datafield>
   <datafield ind1="8" ind2=" " tag="024">
      <subfield code="a">http://hdl.handle.net/10256/18449</subfield>
   </datafield>
   <datafield tag="653" ind2=" " ind1=" ">
      <subfield code="a">Depressió psíquica -- Tractament</subfield>
   </datafield>
   <datafield tag="653" ind2=" " ind1=" ">
      <subfield code="a">Depression, Mental -- Treatment</subfield>
   </datafield>
   <datafield tag="653" ind2=" " ind1=" ">
      <subfield code="a">Depressió psíquica -- Factors sexuals</subfield>
   </datafield>
   <datafield tag="653" ind2=" " ind1=" ">
      <subfield code="a">Depression, Mental -- Sex factors</subfield>
   </datafield>
   <datafield tag="653" ind2=" " ind1=" ">
      <subfield code="a">Antidepressius</subfield>
   </datafield>
   <datafield tag="653" ind2=" " ind1=" ">
      <subfield code="a">Antidepressants</subfield>
   </datafield>
   <datafield tag="653" ind2=" " ind1=" ">
      <subfield code="a">Venlafaxina</subfield>
   </datafield>
   <datafield tag="653" ind2=" " ind1=" ">
      <subfield code="a">Venlafaxine</subfield>
   </datafield>
   <datafield ind2="0" ind1="0" tag="245">
      <subfield code="a">Sex influence on the clinical improvement of major depressive disorder in patients treated with Venlafaxine: a prospective cohort study</subfield>
   </datafield>
</record></metadata></record></GetRecord></OAI-PMH>